Aire acondicionado y refrigeración
Zapisane w:
| Główni autorzy: | , |
|---|---|
| Format: | Książka |
| Język: | hiszpański |
| Wydane: |
Ciudad de México
Continental
1970
|
| Hasła przedmiotowe: | |
| Etykiety: |
Dodaj etykietę
Nie ma etykietki, Dołącz pierwszą etykiete!
|
MARC
| LEADER | 00000nam a2200000 a 4500 | ||
|---|---|---|---|
| 001 | UCR5641 | ||
| 003 | CL-VaPUC | ||
| 008 | 980403e19700000MX |||||||||||||||||spa|d | ||
| 082 | 0 | 4 | |a 621.56 |b JEN |2 21 |
| 100 | 0 | |a Jennings, Burgess |e author |9 406519 | |
| 700 | 0 | |a Lewis, Samuel |e author |9 406520 | |
| 245 | 1 | 0 | |a Aire acondicionado y refrigeración |
| 300 | |a 800 p | ||
| 942 | |c BK | ||
| 945 | |d 19980403 00:00:00 |a crobeson | ||
| 260 | |a Ciudad de México |b Continental |c 1970 | ||
| 650 | 0 | |a Refrigeración |9 259343 | |
| 650 | 0 | |a Aire acondicionado |9 259344 | |
| 650 | 0 | |a Termodinámica |9 259320 | |
| 650 | 0 | |a Transmisión de calor |9 259410 | |
| 650 | 7 | |a CALEFACCION |2 CL-VaPUC |9 406521 | |
| 650 | 7 | |a ENFRIAMIENTO |2 CL-VaPUC |9 363841 | |
| 583 | |a last modification |c 19980403 00:00:00 |k Rodrigo Vera | ||
| 999 | |c 268108 |d 268106 | ||
| 952 | |0 0 |1 0 |4 0 |6 621_560000000000000_JEN_1970 |7 0 |8 A |9 301033 |a BIBALI |b BIBALI |c GEN |d 2019-11-20 |i 1973878 |o 621.56 JEN 1970 |p 1973878 |r 2025-01-20 |w 2019-11-20 |y BK |k ALI | ||